000
00274nam a2200109Ia 4500
008
190902s9999||||xx |||||||||||||| ||und||
100
_a
Zahid Malik
245
0
_a
Mohsin -e-Pakistan Ki De Briefing
260
_a
Islamabad
_b
Matboaat-e-Hurmat
_c
2004
300
_a
290
942
_c
BK
999
_c
2823
_d
2823